| 000 | 00713nam a22002537a 4500 | ||
|---|---|---|---|
| 003 | CHAP | ||
| 005 | 20220329141552.0 | ||
| 008 | 971013s1958 r 00010 d | ||
| 010 | _a70292 | ||
| 011 | _a71264 | ||
| 035 | _a80818 | ||
| 040 | _cCHAP | ||
| 082 |
_a633.895 _bE33 |
||
| 100 | 0 | 0 |
_aEdgar, A. T. _935335 |
| 245 | _aManual or rubber planting (Malaya) | ||
| 260 |
_aKuala Lumpur : _bIncorp. Society of Planters, _c1958 |
||
| 300 |
_a705 p. _b: ilus |
||
| 590 |
_aBATCH-UPD _b10 _c20130110 _lUCH01 _h0509 |
||
| 590 |
_aCONVERSION _b10 _c20130109 _lUCH01 _h1339 |
||
| 650 | 1 | 4 |
_aCaucho. _920537 |
| 901 | _aBK | ||
| 942 | _cLIBRO | ||
| 949 |
_a633.895 E33 _bBC _cLIBRO _d-33807 _eLIBRO _h22883 _i80818 _si _t245.00 |
||
| 999 |
_c70292 _d70292 |
||